MARC

LEADER 00000nam0a2200000 4500
001 283423
005 20231101235608.0
035 |a (RuTPU)RU\TPU\book\307492 
090 |a 283423 
100 |a 20150206d1984 km y0rusy50 ca 
101 0 |a rus 
102 |a RU 
105 |a a z 001zy 
200 1 |a Техническая физика эластомеров  |f М. Ф. Бухина 
210 |a Москва  |c Химия  |d 1984 
215 |a 224 с.  |c ил. 
320 |a Библиогр.: с. 205-219 
320 |a Предметный указатель: с. 220-224 
606 1 |a Эластомеры  |x Переработка  |2 stltpush  |3 (RuTPU)RU\TPU\subj\26820  |9 50661 
610 1 |a деформационные свойства 
610 1 |a релаксационные свойства 
610 1 |a прочностные свойства 
610 1 |a теплофизические свойства 
610 1 |a диффузионные процессы 
610 1 |a электрические свойства 
610 1 |a магнитные свойства 
610 1 |a стеклование 
610 1 |a кристаллизация 
675 |a 678.074  |v 3 
700 1 |a Бухина  |b М. Ф.  |g Мая Фаддеевна 
801 1 |a RU  |b 63413507  |c 20150206 
801 2 |a RU  |b 63413507  |c 20160506  |g RCR 
942 |c BK